| 000 | 00608nam a2200229Ia 4500 | ||
|---|---|---|---|
| 003 | OSt | ||
| 005 | 20230525191738.0 | ||
| 008 | 210423s1999 xx 000 0 und d | ||
| 040 | _cAL | ||
| 041 | _akan | ||
| 082 |
_a361.23 _223 _bLAXH |
||
| 100 |
_aLAXMAN (Telagavi) _9114596 |
||
| 245 | _aHindulida vargagala mattu dalita chalavaligalu | ||
| 250 | _a1 | ||
| 260 |
_aHampi _bPrasasanga _c1999 |
||
| 300 | _avi,32 | ||
| 365 |
_b340 _cINR |
||
| 440 | _v1 | ||
| 650 |
_aSocial Problems & Social Welfare _9114597 |
||
| 906 | _achalavaligalu ; dalita ; Hindulida ; mattu ; vargagala | ||
| 942 |
_2ddc _cBK |
||
| 999 |
_c173325 _d173325 |
||